000 00363nam a22001457a 4500
003 OSt
005 20170105103447.0
008 131204t xxu||||| |||| 00| 0 eng d
020 _a81-312-0041-8
040 _cASAB
100 _aCarl A. Burtis
_9398
245 _aTietz Textbook of clinical chemistry and molecular diagnostics
250 _a4th Ed.
942 _2ddc
_cBK
999 _c16669
_d16669